|
|
|
|
| LEADER |
00000nab a2200000ua 4500 |
| 001 |
vtls010784705 |
| 003 |
SK-MaSNL |
| 005 |
20260225191413.0 |
| 008 |
230131s1975 xo |||||||||||||||||slo| |
| 035 |
|
|
|a (urnnbn)urn:nbn:sk:snk:ar-a002a9
|
| 035 |
|
|
|a (uuid)9f590330-a5da-4001-be38-fda086ebdbaa
|
| 035 |
|
|
|a urn:nbn:sk:snk-ab4zgj
|
| 040 |
|
|
|a SNKBUCL
|b slo
|c SNKBUCL
|e AACR2
|
| 041 |
0 |
|
|a slo
|
| 044 |
|
|
|a xo
|c SK
|
| 245 |
0 |
0 |
|a Čo s prebytočnými peľovými plástami?
|
| 773 |
0 |
|
|t Včelár : odborný časopis Povereníctva poľnohospodárstva a lesného hospodárstva a Ústredia včelárskych združení na Slovensku
|g Roč. 49, č. 10 (1975), s. 232
|
| 954 |
|
|
|a odborná, vedecká literatúra pôvodná (slovenská)
|2 lita
|
| 958 |
|
|
|a OND
|
| 958 |
|
|
|a EUIPO
|
| 958 |
|
|
|a article3
|
| 999 |
|
|
|c 1908198
|d 1910128
|